Henry Adams : (Record no. 4957)
[ view plain ]
| 000 -LEADER | |
|---|---|
| fixed length control field | 00633nam a2200241 a 4500 |
| 001 - CONTROL NUMBER | |
| JCCL Control Number | 4957 |
| 003 - CONTROL NUMBER IDENTIFIER | |
| JCCL marc code | BD-JhCC |
| 005 - DATE AND TIME OF LATEST TRANSACTION | |
| control field | 20171205195247.0 |
| 008 - FIXED-LENGTH DATA ELEMENTS--GENERAL INFORMATION | |
| fixed length control field | 171205s1961 n |||| ||| 001 0 eng d |
| 035 ## - SYSTEM CONTROL NUMBER | |
| system control number | (BD-JhCC)4957 |
| 040 ## - CATALOGING SOURCE | |
| Original cataloging agency | BD-JhCC |
| Modifying agency | BD-JhCC |
| 041 ## - LANGUAGE CODE | |
| Language code of Book | eng |
| 082 ## - DEWEY DECIMAL CLASSIFICATION NUMBER | |
| Classification number | 928.1 |
| Author mark and Year | STE 1961 |
| 100 ## - MAIN ENTRY--PERSONAL NAME | |
| Personal name | Stevenson, Elizabeth |
| 245 ## - TITLE STATEMENT | |
| Title | Henry Adams : |
| Remainder of title | A Biography / |
| Statement of responsibility, etc | Elizabeth Stevenson |
| 260 ## - PUBLICATION, DISTRIBUTION, ETC. (IMPRINT) | |
| Place of publication, distribution, etc | New York : |
| Name of publisher, distributor, etc | Collier Books, |
| Date of publication, distribution, etc | 1961. |
| 300 ## - PHYSICAL DESCRIPTION | |
| Pagination | 410 p. : |
| Dimensions | 18 cm. |
| 500 ## - GENERAL NOTE | |
| General note | Includes Index. |
| 600 ## - SUBJECT ADDED ENTRY--PERSONAL NAME | |
| Personal name | Adams, Henry |
| Dates associated with a name | 1838-1918 |
| 650 ## - SUBJECT ADDED ENTRY--TOPICAL TERM | |
| Topical term or geographic name as entry element | Historians |
| Geographic subdivision | United States |
| 942 ## - ADDED ENTRY ELEMENTS (KOHA) | |
| Source of classification or shelving scheme | Dewey Decimal Classification |
| Koha item type | Books |
| Source of classification or shelving scheme | Damaged status | Not for loan | Home library | Current library | Shelving location | Date of accession | Total Checkouts | Full call number | Barcode | Date last seen | Copy number | Koha item type |
|---|---|---|---|---|---|---|---|---|---|---|---|---|
| Dewey Decimal Classification | JCC Rouf Library | JCC Rouf Library | General Stacks | 12/05/2017 | 928.1 STE 1961 | 6865 | 12/05/2017 | C-1 | Books |